000 01179cam a2200241 4500500
005 20260201100433.0
041 _afre
042 _adc
100 1 0 _aLegendre, Paule
_eauthor
245 0 0 _aÉcrits d'hier à deux mains
260 _c2008.
500 _a6
520 _aRésuméCe texte rend compte de trois expériences d’écriture avec des adolescents. Écrire leur histoire à partir de leurs souvenirs, de photos et de mes questions avec l’objectif d’en faire un livre, leur a permis d’investir le langage, voire de faire naître l’activité de penser, de les faire naître à leur propre ressenti. Les pages ont ensuite été reliées pour faire livre. Cela leur a permis de restaurer leur narcissisme. Comme a dit Martin : « Je ne me pensais pas capable d’écrire de telles choses. Je suis fier de moi. »
690 _aadolescent
690 _aase
690 _aécriture
690 _aexpression de ressenti
690 _amots
690 _aordinateur
690 _aphotos
786 0 _nEmpan | 70 | 2 | 2008-08-19 | p. 129-133 | 1152-3336
856 4 1 _uhttps://shs.cairn.info/revue-empan-2008-2-page-129?lang=fr&redirect-ssocas=7080
999 _c1640905
_d1640905